000
00293nam a22001217a 4500
020
_a
0-04-671004-3
082
_a
669.042 PET'P
100
_a
PETTY, R
_9
77874
245
_a
PHYSICAL METALLURGY OF ENGINEERING MATERIALS
260
_a
LONDON
_b
GEORGE ALLAN
_c
1970
300
_a
304P
942
_c
BK
999
_c
583065
_d
583065